Statystyki dla Stolice świata na literę A

Kliknij tutaj aby rozwiązać quiz!

Ogólne statystyki

  • Ten quiz został rozwiązany 8 884 razy
    (5 811 od ostatniego zresetowania)
  • Średni wynik to 7 z 16

Statystyki odpowiedzi

PaństwoStolica% Poprawnych
AndoraAndora
78%
HolandiaAmsterdam
75%
TurcjaAnkara
69%
GrecjaAteny
68%
AlgieriaAlgier
52%
KazachstanAstana
52%
MadagaskarAntananarywa
47%
ParagwajAsuncion
46%
EtiopiaAddis Abeba
39%
NigeriaAbudża
36%
Zjednoczone Emiraty ArabskieAbu Zabi
36%
JordaniaAmman
36%
GhanaAkra
34%
TurkmenistanAszchabad
31%
SamoaApia
25%
ErytreaAsmara
23%

Rozkład punktacji

Percentyl według liczby udzielonych odpowiedzi

Procent ludzi z każdym wynikiem

Twoja historia wyników

Nie rozwiązałeś tego quizu od ostatniego zresetowania